| 000 | 00472nam a22001817a 4500 | ||
|---|---|---|---|
| 005 | 20240718101027.0 | ||
| 008 | 240718b |||||||| |||| 00| 0 eng d | ||
| 020 | _a0-333-44283-0 | ||
| 082 |
_a330 _bKOU-T |
||
| 100 | _aKoutsoyiannis, A. | ||
| 245 |
_aTheory of Economics/ _cA.Koutsoyiannis |
||
| 250 | _a2nd ed. | ||
| 260 |
_aHong Kong; _bMacmillan Education Ltd.; _c1999 |
||
| 300 |
_axvii, 681p.: _bill; _c21 cm. |
||
| 650 | _aEconomics | ||
| 999 |
_c36126 _d36126 |
||